000 00684nab a2200205 4500
001 244442
003 OSt
005 20250703134417.0
007 tu
008 200917s2020|||||||
040 _aDE-2950
_cDE-2950
245 0 0 _aWeißer Rauch für Frankfurt
_bKlassik. Das Brandenburgische Staatsorchester hat mit Felix Mildenberger einen Nachfolger für Generaldirektor Jörg-Peter Weigle gefunden/
_cHeinz Kannenberg
264 _c2024
653 _aFrankfurt (Oder)
653 _aStaatsorchester
653 _aGeneralmusikdirektor
653 _aFelix Mildenberger
773 0 _g36. Jahrgang (2025) Nr. 151 vom 02.07.2025, S. 20 mit Foto
_tMärkische Oderzeitung
942 _2z
_cA
999 _c373872
_d373872